000
00280nam a2200133Ia 4500
100
_a
PARR/ANDREW
650
_a
PRODUCTION
942
_c
BK
366
_f
20
245
_a
HYDRAULICA AND PNEUMATICS
260
_b
AHMEDABAD
_a
JAICO PUBL.
_c
2005
300
_a
223
546
_a
ENGLISH
999
_c
22199
_d
22199